MARC

LEADER 00000nam0a2200000 4500
001 20616
005 20231030192142.0
010 |a 5020302759 
035 |a (RuTPU)RU\TPU\book\20803 
035 |a BOOK00005492 
090 |a 20616 
100 |a 20011209d1993 m y0rusy50 ca 
101 1 |a rus  |c eng 
102 |a RU 
105 |a y z 000zy 
200 1 |a Путешествия вне тела  |e пер. с англ.  |f Р. А. Монро 
210 |a Новосибирск  |c Наука  |d 1993 
215 |a 260 с. 
610 1 |a психология 
610 1 |a психика 
610 1 |a жизнь 
610 1 |a смерть 
610 1 |a парапсихология 
610 1 |a мистика 
686 |a Ю96  |v LBC/SL-A  |2 rubbk 
686 |a Э44  |v LBC/SL-A  |2 rubbk 
700 1 |a Монро  |b Р. А.  |g Роберт Аллан 
801 0 |a RU  |b 63413507  |c 20011209  |g PSBO 
801 2 |a RU  |b 63413507  |c 20220328  |g PSBO 
942 |c BK